| 000 | 01383namaa2200361 i 4500 | ||
|---|---|---|---|
| 003 | EG-GICUC | ||
| 005 | 20260228101748.0 | ||
| 008 | 260228s2002 su ||||gr|||| 001 0 ara d | ||
| 017 |
_a2022 / 3876 _bالمكتبة الوطنية(السعودية) |
||
| 020 | _a9960400735 | ||
| 040 |
_aEG-GiCUC _bara _cEG-GiCUC _dEG-GiCUC _erda |
||
| 041 |
_aara _heng |
||
| 082 | 0 | 4 |
_221 _a398.365 _bB5317 |
| 092 | 0 | 4 |
_221 _a398.365 _bB5317 |
| 099 | _a398.365 B5317 | ||
| 100 | 1 |
_aبيرنشتاين، بيتر ل. _eمؤلف. |
|
| 240 | 1 | 4 |
_aThe power of gold : the history of an obsession _lArabic |
| 245 | 1 | 0 |
_aسطوة الذهب : _bقصة استبداده بالقلوب والعقول / _cبيتر ل. بيرنشتاين ؛ تعريب مها حسن بحبوح. |
| 250 | _aالطبعة الأولى. | ||
| 264 |
_aالرياض : _bمكتبة العبيكان، _c2002. |
||
| 300 |
_a646 صفحة ؛ _c24 سم |
||
| 336 |
_2rdacontent _atext |
||
| 337 |
_2rdamedia _aUnmediated |
||
| 338 |
_2rdacarrier _avolume |
||
| 504 | _a599-589 ببليوجرافيا: صفحات. | ||
| 541 |
_aد. جابر عصفور ؛ _bالقاهرة ؛ _cإهداء ؛ _d2024. |
||
| 650 | 1 |
_aالذهب _vالفلكلور _2qrmak |
|
| 650 | 1 |
_aالذهب _xتاريخ |
|
| 650 | 1 |
_aالذهب _xالجوانب الإجتماعية. |
|
| 651 | 1 | _2qrmak | |
| 905 | _aAsmaa | ||
| 942 |
_2ddc _cBK _e21 _n0 |
||
| 999 |
_c178768 _d178768 |
||